000 00328nam a2200145Ia 4500
003 OSt
008 191201s2006 xx 000 0 und d
082 _a621.89
_bSAE
100 _aSAHOO, Prasanta
245 0 _aEngineering Tribology
260 _aNew Delhi
_bPHI
_c2006
300 _a322
650 _aB.Tech(ME)
942 _2ddc
_cBK
999 _c6115
_d6115